ბათუმის შოთა რუსთაველის სახელმწიფო უნივერსიტეტის ბიბლიოთეკა

რას გადაურჩა თბილისი : (ბიბ.ჩანაწერი № 39346)

000 -ლიდერი
ფიქსირებული სიგრძის საკონტროლო ველი 01164nam a2200229Ia 4500
001 - საკონტროლო ნომერი
საკონტროლო ველი 5933
003 - საკონტროლო ნომრის იდენტიფიკატორი
საკონტროლო ველი GE_BSU
005 - ბოლო ოპერაციის თარიღი და დრო
საკონტროლო ველი 20190827125012.0
008 - ფიქსირებული სიგრძის მონაცემთა ელემენტები - ზოგადი ინფორმაცია
ფიქსირებული სიგრძის საკონტროლო ველი 181216s1958||||ge |||||||||||||| ||geo||
040 ## - კატალოგიზაციის წყარო
Transcribing agency GE_BSU
041 ## - ენის კოდი
Language code of text/sound track or separate title geo
080 ## - უნივერსალური ათობითი კლასიფიკაციის ინდექსი
Universal Decimal Classification number 82-93 : 821.353.1-11 ა-13
100 ## - მთავარი ჩანაწერი - პიროვნების სახელი
Personal name აბაშიძე, ირაკლი
9 (RLIN) 3740
245 ## - ცნობა სათაურის შესახებ
Title რას გადაურჩა თბილისი :
Remainder of title საყმაწვილო პოემა /
Statement of responsibility, etc ირაკლი აბაშიძე ; რედ. ქ. ქუჩუკაშვილი ; მხატვ. ჯ. ყავლაშვილი.
264 ## - წარმოების, გამოცემის, დისტრიბუციის და სხვა ცნობები
გამოცემის, წარმოების, დისტრიბუციის... ადგილი თბილისი :
გამოცემის, წარმოების, დისტრიბუციის... სახელწოდება საბავშვო და ახალგაზრდობის ლიტ. , სახელმწიფო გამ-ბა ;
გამოცემის, წარმოების, დისტრიბუციის... თარიღი 1958.
300 ## - ფიზიკური აღწერა
Extent 57 გვ. ;
Dimensions 29 სმ.
653 ## - INDEX TERM--UNCONTROLLED
Uncontrolled term რას გადაურჩა თბილისი
653 ## - INDEX TERM--UNCONTROLLED
Uncontrolled term საყმაწვილო პოემა
700 ## - ADDED ENTRY--PERSONAL NAME
Personal name ქუჩუკაშვილი, ქ.
Relator term რედაქტორი
9 (RLIN) 3796
700 ## - ADDED ENTRY--PERSONAL NAME
Personal name ჯ. ყავლაშვილი
Relator term მხატვარი
9 (RLIN) 3797
942 ## - ADDED ENTRY ELEMENTS (KOHA)
Koha item type წიგნი
Source of classification or shelving scheme
ეგზემპლარები
ჩამოწერის სტატუსი დაკარგული ეგზემპლარის სტატუსი კლასიფიკაციის წყარო ან თაროზე გაწყობის სქემა დაზიანების სტატუსი არ გაიცემა მუდმივი მდებარეობა (დაცვის ადგილი) ამჟამინდელი ადგილსამყოფელი თაროზე განთავსების ადგილი შეძენის თარიღი ღირებულება, შესყიდვის ნორმალური ფასი სრული შენახვის შიფრი შტრიხკოდი ბოლო ოპერაციის თარიღი ეგზემპლარის მიმდევრობითი ნომერი (კეტერი?) ფასის ძალაში შესვლის თარიღი ეგზემპლარის სახეობა საჯარო შენიშვნა
          ბათუმის შოთა რუსთაველის სახელმწიფო უნივერსიტეტის მთავარი ბიბლიოთეკა ბათუმის შოთა რუსთაველის სახელმწიფო უნივერსიტეტის მთავარი ბიბლიოთეკა წიგნსაცავი 2018-12-17 5.80 82-93 : 821.353.1-11 ა-13 13589 2018-12-17 13589 2018-12-17 წიგნი 5.80 ლ.